Southville International School and Colleges
Your cart is empty.
  • Cart
  • Lists
    Public lists Eva Luna New books Lux_list list_1
    Your lists Log in to create your own lists
  • Log in to your account
  • Your cookies
  • Search history
Southville International School and Colleges
  • Advanced search
  • Recent comments
  • Most popular
  • Libraries

Log in to your account

Log in with GOOGLE


If you do not have an external account, but do have a local account, you can still log in:

  1. Home
  2. MARC view: The girl who fell out of the sky
Normal view MARC view ISBD view

The girl who fell out of the sky (Record no. 365370)

[ view plain ]
MARC details
000 -LEADER
fixed length control field 00488nam a22001817a 4500
003 - CONTROL NUMBER IDENTIFIER
control field 0
005 - DATE AND TIME OF LATEST TRANSACTION
control field 20230925074610.0
008 - FIXED-LENGTH DATA ELEMENTS--GENERAL INFORMATION
fixed length control field 230925b xxu||||| |||| 00| 0 eng d
020 ## - INTERNATIONAL STANDARD BOOK NUMBER
International Standard Book Number 978-1-250-75963-4
050 ## - LIBRARY OF CONGRESS CALL NUMBER
Classification number PZ 7
Item number .F75 2020
100 ## - MAIN ENTRY--PERSONAL NAME
Personal name Forester, Victoria
245 ## - TITLE STATEMENT
Title The girl who fell out of the sky
Statement of responsibility, etc Forester, Victoria
260 ## - PUBLICATION, DISTRIBUTION, ETC. (IMPRINT)
Place of publication, distribution, etc New York
Name of publisher, distributor, etc Feiwel and Friends
Date of publication, distribution, etc c2020.
300 ## - PHYSICAL DESCRIPTION
Extent 328 pages ;
Dimensions 21cm.
500 ## - GENERAL NOTE
General note Fiction.
650 ## - SUBJECT ADDED ENTRY--TOPICAL TERM
Topical term or geographic name as entry element Fiction.
942 ## - ADDED ENTRY ELEMENTS (KOHA)
Source of classification or shelving scheme Library of Congress Classification
Koha item type Books
Holdings
Withdrawn status Lost status Source of classification or shelving scheme Damaged status Home library Current library Shelving location Date acquired Source of acquisition Sub Shelving location Total Checkouts Full call number Barcode Date last seen Price effective from Koha item type
    Library of Congress Classification   Luxembourg Library Luxembourg Library Teachers Reference Section 09/25/2023 Library Fund     PZ 7 .F75 2020 21079 09/25/2023 09/25/2023 Books

The girl who fell out of the sky

APA

Forester V., . (2020). The girl who fell out of the sky. New York: Feiwel and Friends.

Chicago

Forester Victoria, . 2020. The girl who fell out of the sky. New York: Feiwel and Friends.

Harvard

Forester V., . (2020). The girl who fell out of the sky. New York: Feiwel and Friends.

MLA

Forester Victoria, . The girl who fell out of the sky. New York: Feiwel and Friends. 2020.

  • Place hold
  • Print
  • Cite
  • Add to your cart (remove)
  • Save record
    BIBTEX Dublin Core MARCXML MARC (non-Unicode/MARC-8) MARC (Unicode/UTF-8) MARC (Unicode/UTF-8, Standard) MODS (XML) RIS
  • More searches
    Search for this title in:
    Other Libraries (WorldCat) Other Databases (Google Scholar) Online Stores (Bookfinder.com) Open Library (openlibrary.org)

Exporting to Dublin Core...

SOUTHVILLE LIBRARY

Southville International School and Colleges Library

1281 Tropical Ave. Cor. Luxembourg St., BF Homes International, Las Pinas City

Tel. No. 8256374 / 252358 Loc. 117/146

Powered by Koha